00531nam a22001577a 450000500170000001000150001702000260003203500130005803700130007108200160008410000160010024501180011626000450023427000610027930000330034020160727101631.0 aENG-115545 a9780199465439c550.00 aEN-99077 bDBAD/PUB a306.8095411 aBarnes J.A. aFamily and kinship :b a study of the Pandits of rural Kashmir /cby T.N. Madan ; with a foreword by J.A. Barnes. aNew DelhibOxford University Pressc2016 aYMCA Library Building,1 Jaisingh RoadbNew Delhie110001 axI,326p. :bill.(maps)c22cm